000 00815cam a2200313 4500
001 ABS67911
008 040701n2004 000 0 eng u
035 _a(Sirsi) u126670
245 _aRegional survey: Lancashire and Cumbria
260 _c2004
490 _aProperty Week
_v(69(24) 11 June 2004, 63-76(8)
590 _aABS
590 _aABS
650 _aLANCASHIRE
650 _aCUMBRIA
650 _aMORECAMBE
650 _aSEASIDE RESORTS
650 _aREGENERATION
650 _aCARLISLE
650 _aWIGAN
650 _aPRESTON
650 _aLANCASTER
650 _aOFFICE MARKET
650 _aPROPERTY-COMMERCIAL PROPERTY-RETAIL PROPERTY-RETAIL PROPERTY MARKET
650 _aINDUSTRIAL MARKET
650 _aREGENERATION
690 _aCOMMERCIAL PROPERTY-MARKET
942 _n0
999 _c117635
_d117635